000 00617nam a2200217Ii 4500
001 16789
003 CO-ViMGA
008 241108s9999||||xx |||||||||||||| ||und||
020 _a9789871343331
040 _aCO-ViMGA
_bspa
_erda
_cCO-ViMGA
041 0 _aspa
082 0 4 _aA863.928 C68n
100 1 _aMarta Coutaz
_950371
245 1 0 _aNi fu ni fa y otros cuentos
264 1 _aBuenos Aires, Argentina : Del Naranjo, 2011
300 _avolumen
336 _atext
_btxt
_2rdacontent
337 _aunmediated
_bn
_2rdamedia
338 _avolume
_bnc
_2rdacarrier
940 _aidficha_siabuc: 16458. -- ficha_no_siabuc:16789
999 _c45054
_d45054